|
|
|
|
| LEADER |
00000nas a2200000 i 4500 |
| 001 |
ssj0001078577 |
| 003 |
WaSeSS |
| 005 |
20200512172242.0 |
| 006 |
m d |
| 007 |
cr n |
| 008 |
140110c20uu9999dcud| n|s|||||| |0eng d |
| 035 |
|
|
|a (WaSeSS)ssj0001078577
|
| 040 |
|
|
|a WaSeSS
|b eng
|c WaSeSS
|d WaSeSS
|
| 043 |
|
|
|a n-us-dc
|
| 050 |
1 |
4 |
|a F191
|
| 245 |
0 |
0 |
|a Tell me more
|h [electronic resource].
|
| 260 |
|
|
|a Washington, District of Columbia :
|b National Public Radio
|
| 310 |
|
|
|a Daily
|
| 506 |
|
|
|a License restrictions may limit access.
|
| 588 |
|
|
|a Description based on: September 14, 2007; title from title screen (ProQuest, viewed Jan. 10, 2014).
|
| 588 |
|
|
|a Latest issue consulted: January 9, 2014 (viewed Jan. 10, 2014).
|
| 651 |
|
0 |
|a Washington (D.C.)
|v Newspapers.
|
| 651 |
|
0 |
|a District of Columbia
|v Newspapers.
|
| 655 |
|
0 |
|a Electronic journals.
|
| 856 |
4 |
0 |
|z Full text available from Research Library: 09/14/2007 to 08/31/2014
|u https://search.proquest.com/publication/1006459
|